[Event "Vlissingen HZ op 23rd"]
[Site "Vlissingen"]
[Date "2019.08.06"]
[Round "5"]
[White "Schlaebitz, Joel"]
[Black "Snijders, Frans"]
[Result "0-1"]
[WhiteElo "1670"]
[BlackElo "1876"]
[PlyCount "67"]
[EventDate "2019.08.03"]
[EventType "swiss"]
[EventRounds "9"]
[EventCountry "NED"]
[SourceTitle "CBM 191 Extra"]
[Source "ChessBase"]
[SourceDate "2019.09.30"]
[SourceVersion "1"]
[SourceVersionDate "2019.09.30"]
[SourceQuality "1"]

1. d4 f5 2. c4 Nf6 3. g3 g6 4. Bg2 d6 5. Nf3 Bg7 6. 0-0 0-0 7. Nc3 Nc6 8. d5 Ne5 9. Nd2 a6 10. f4 Nf7 11. a4 Bd7 12. Re1 c6 13. Qb3 Rb8 14. Nf3 e5 15. dxe6 Bxe6 16. Nd4 Bd7 17. Be3 Ng4 18. Nc2 Nxe3 19. Nxe3 Bd4 20. Ncd1 Re8 21. Kh1 Qa5 22. Nc2 c5 23. Nc3 Bxc3 24. Qxc3 Qxc3 25. bxc3 Bc6 26. Bd5 Re7 27. Kg1 Rbe8 28. Kf2 Kg7 29. e3 Nh6 30. h3 Ng8 31. Bxc6 bxc6 32. Red1 Nf6 33. Kf3 Ne4 34. Rdb1 0-1